Die entwicklung des haushaltswesens in der sowjetischen besatzungszone deutschlands (Record no. 109026)
[ view plain ]
| 000 -CABECERA | |
|---|---|
| Campo de control de longitud fija | 00685nam#a2200205#c#4500 |
| 003 - IDENTIFICADOR DE NÚMERO DE CONTROL | |
| Campo de control | IEF |
| 005 - FECHA Y HORA DE LA ÚLTIMA TRANSACCIÓN | |
| Campo de control | 20250221193206.0 |
| 007 - CAMPO FIJO DE DESCRIPCIÓN FÍSICA - INFORMACIÓN GENERAL | |
| campo de control de longitud fija | ta |
| 008 - CAMPO FIJO DE DESCRIPCIÓN FIJA - INFORMACIÓN GENERAL | |
| Campo de control de longitud fija | 941205s1960 be fr | 0||u|ger |u |
| 040 ## - FUENTE DE LA CATALOGACIÓN | |
| Centro catalogador de origen | ES-MaIEF |
| Lengua de catalogación | spa |
| Centro transcriptor | ES-MaIEF |
| 100 1# - ENCABEZAMIENTO PRINCIPAL - NOMBRE PERSONAL | |
| Nombre de persona | Meier, Hellmut |
| 9 (RLIN) | 29019 |
| 245 14 - MENCIÓN DE TÍTULO | |
| Título | Die entwicklung des haushaltswesens in der sowjetischen besatzungszone deutschlands |
| Mención de responsabilidad, etc. | Hellmut Meier |
| 260 ## - PUBLICACIÓN, DISTRIBUCIÓN, ETC (PIE DE IMPRENTA) | |
| Lugar de publicación, distribución, etc. | Berlin |
| Nombre del editor, distribuidor, etc. | Duncker et Humblot |
| Fecha de publicación, distribución, etc. | 1960 |
| 300 ## - DESCRIPCIÓN FÍSICA | |
| Extensión | 191 p. |
| Dimensiones | 26 cm |
| 490 ## - MENCIÓN DE SERIE | |
| Mención de serie | Osteuropa Institut an der Freien Universitat Berlín = Wirtschaftswissenschaftliche veröffentlechungen ; |
| Número de volumen/designación secuencial | Band 10 |
| 650 #4 - PUNTO DE ACCESO ADICIONAL DE MATERIA - TÉRMINO DE MATERIA | |
| 9 (RLIN) | 48131 |
| Término de materia o nombre geográfico como elemento inicial | PRESUPUESTOS |
| 650 #4 - PUNTO DE ACCESO ADICIONAL DE MATERIA - TÉRMINO DE MATERIA | |
| 9 (RLIN) | 25193 |
| Término de materia o nombre geográfico como elemento inicial | ALEMANIA |
| 942 ## - ELEMENTOS KOHA | |
| Koha tipo de item | Libros |
| Suprimido | Perdido | Estropeado | No se presta | Localización (Biblioteca) | Fecha de adquisición | Koha signatura completa | Designación de pieza (código de barras) | Koha Fecha de último uso | Precio efectivo desde | Koha tipo de item |
|---|---|---|---|---|---|---|---|---|---|---|
| Disponible para préstamo | IEF | 1994-12-05 | 3018 | 3018 | 2018-02-19 | 2018-02-19 | Libros |